Vplyv COVID-19 na nezamestnanosť v rámci regiónov Slovenskej republiky bakalárska práca

Guardado en:
Detalles Bibliográficos
Autor principal: Dargajová, Sofia
Autor Corporativo: Podnikovohospodárska fakulta EU so sídlom v Košiciach. Katedra ekonómie a manažmentu
Otros Autores: Bžanová, Klaudia, 1997-
Formato: Libro
Lenguaje:eslovaco
Publicado: Košice 2025
Etiquetas: Agregar Etiqueta
Sin Etiquetas, Sea el primero en etiquetar este registro!

MARC

LEADER 00000nbm a2200000 4500
001 0310906
005 20260202094322.7
041 0 |a slo 
044 |a SK 
245 1 0 |a Vplyv COVID-19 na nezamestnanosť v rámci regiónov Slovenskej republiky  |b bakalárska práca  |c Sofia Dargajová ; školiteľ: Klaudia Bžanová 
264 1 |a Košice  |c 2025 
300 |a 42 s. 
100 1 |a Dargajová, Sofia 
700 1 |a Bžanová, Klaudia, 1997- 
710 2 |a Podnikovohospodárska fakulta EU so sídlom v Košiciach. Katedra ekonómie a manažmentu